| 000 | 00417nam a22001817a 4500 | ||
|---|---|---|---|
| 003 | NUST | ||
| 020 | _a9789339204969 | ||
| 038 | _aKhadija | ||
| 082 |
_a629.1346 _bKRO |
||
| 100 |
_aKroes, Michael J. _927183 |
||
| 245 | _aAircraft Maintenance & Repair | ||
| 250 | _a7th ed. | ||
| 260 |
_aNew Delhi : _bMcGraw Hill, |
||
| 300 |
_a713 p. ; _b28 cm. |
||
| 500 | _aPaperback. | ||
| 563 | _aPB | ||
| 942 |
_cBK _2ddc |
||
| 999 |
_c33663 _d33663 |
||